Konvergencia výnosov akciových indexov habilitačná prednáška : študijný odbor Ekonomika a manažment podniku

Guardado en:
Detalles Bibliográficos
Autor principal: Lyócsa, Štefan, 1982-
Autor Corporativo: Ekonomická univerzita v Bratislave. Podnikovohospodárska fakulta so sídlom v Košiciach
Otros Autores: Fidrmuc, Jaroslav, Markovič, Peter, 1974-
Formato: Libro
Lenguaje:eslovaco
Publicado: Bratislava Vydavateľstvo EKONÓM 2013
Edición:1. vyd.
Colección:Habilitačné a inauguračné prednášky
Materias:
Etiquetas: Agregar Etiqueta
Sin Etiquetas, Sea el primero en etiquetar este registro!

MARC

LEADER 00000nam a2200000 4500
001 0178567
005 20240314094347.2
020 |a 978-80-225-3710-0 
041 0 |a slo 
044 |a SK 
245 1 0 |a Konvergencia výnosov akciových indexov  |b habilitačná prednáška : študijný odbor Ekonomika a manažment podniku  |c Štefan Lyócsa 
250 |a 1. vyd. 
264 1 |a Bratislava  |b Vydavateľstvo EKONÓM  |c 2013 
300 |a 33 s. 
490 1 |a Habilitačné a inauguračné prednášky 
830 0 |a Habilitačné a inauguračné prednášky 
610 2 0 |a trh akciový 
610 2 0 |a konvergencia 
610 2 0 |a výnosy 
100 1 |a Lyócsa, Štefan, 1982- 
700 1 |a Fidrmuc, Jaroslav 
700 1 |a Markovič, Peter, 1974- 
710 2 |a Ekonomická univerzita v Bratislave. Podnikovohospodárska fakulta so sídlom v Košiciach